| 000 | 00599nam a2200193Ia 4500 | ||
|---|---|---|---|
| 003 | GCL | ||
| 005 | 20240530104302.0 | ||
| 008 | 140319s9999 xx 000 0 ara d | ||
| 040 |
_aGCL / _cGCL |
||
| 082 | 0 | 4 | _a342062 |
| 100 | 1 | _aعبدالحميد متولى | |
| 245 | 1 | 0 |
_aنظرات فى انظمة الحكم فى الدول النامية / _cعبدالحميد متولى |
| 260 |
_a[S.N] : _bمنشاة المعارف الاسلامية ، _c1992 |
||
| 300 | _a694 ص | ||
| 650 | 0 | 4 | _aالقانون |
| 650 | 0 | 4 | _aمصر |
| 650 | 0 | 4 | _aالقانون الدستورى |
| 942 |
_2ddc _cBK |
||
| 999 |
_c46174 _d46174 |
||